| 000 | 00455nam a22001337a 4500 | ||
|---|---|---|---|
| 008 | 160907b xxu||||| |||| 00| 0 eng d | ||
| 050 | _a554/2009 | ||
| 245 |
_aEmployee training, retention and productivity in the workplace context. / _cKasami Kafui and Arthur-Blay Hilda. |
||
| 260 |
_aAccra: _bWisconsin International University College, _c2009. |
||
| 300 | _avarious pgs: | ||
| 800 | _aKasami, Kafui. | ||
| 800 | _aArthur-Blay, Hilda. | ||
| 942 |
_2lcc _cREF |
||
| 999 |
_c6018 _d13518 |
||